000 01911nam0a2200385 4500
001 RU\NLR\bibl\861447
005 20260412063455.0
010 _z5-7228-062-1 (в пер.)
_93000
021 _aRU
_b2005-32464
_91623
035 _a(nilc)RSL-KNO-002670592
035 _a(NLR Aleph) 000850122
090 _a1474681
_c1474681
100 _a20050527d2005 |||y0rusy50 ca
101 0 _arus
102 _aRU
105 _aa |||||||||
106 _ar
200 1 _aМаршал Жуков
_eМосква в жизни и судьбе полководца
_e(ист. очерки, воспоминания, док.)
_fПравительство Москвы, Ком. обществ. связей г. Москвы, Гл. арх. упр. г. Москвы
_g[сост. : М. Г. Жукова и др.]
210 _aМосква
_cИзд-во Главархива Москвы
_d2005
215 _a550, [1] с.
_cил., портр.
_d25
320 _aБиблиогр. в конце ст. и в подстроч. примеч.
320 _aУказ. имен.: с. 545-550
600 1 _aЖуков
_bГ. К.
_gГеоргий Константинович
_f1896 - 1974
_jСборники
_3RU\NLR\AUTH\66232715
_91320557
686 _aЦ35(2)722-424.1дЖуков.я43
686 _aТ3(2)722.788Жуков Г.К.я43
702 1 _4570
_8rus
_7ca
_aЖуков
_bГ. К.
_cполководец
_f1896-1974
_gГеоргий Константинович
_3RU\NLR\AUTH\7741788
_924736
702 1 _4220
_8rus
_7ca
_aЖукова
_bМ. Г.
_cбиограф
_f1957-
_gМария Георгиевна
_3RU\NLR\AUTH\7747939
_930874
712 0 1 _4570
_aМосква
_bКомитет общественных связей
_3RU\NLR\AUTH\8810067949
_9637508
801 0 _aRU
_bRuMoRKP
_c20050527
_grcr
801 1 _aRU
_bRuMoRGB
_c20050527
801 2 _aRU
_bNLR
_c20051027
_grcr
942 _cBOOK
980 _aNB